00642nam a22001097a 4500008004100000100002200041245008300063260003400146300003300180520028500213773003400498260427b ||||| |||| 00| 0 eng d aChathukulam, Jos  aPandemics through the ages: History, science, literature, and human resilience aEconomic & Political Weekly  a61(7), Feb 14, 2026: p.27-29 aThe pandemics: plague to covid 19—exploring the nexus of history, science, literature and human resilience by Dr B Ekbal, Darpan (an Imprint of Prism Books Pvt Ltd), 2025; pp 284, ₹2,200.-Reproduced https://www.epw.in/journal/2026/7/book-reviews/pandemics-through-ages.html  aEconomic & Political Weekly